00000000nam##2200000za#4500
0019.569642
003CaOODSP
00520210624181851
007cr |||||||||||
008150406|2002||||xxc|||||o    f|0| 0 eng|d
040 |aCaOODSP|beng
043 |an-cn---
0861 |aNH18-1/322-2002E-PDF
1102 |aCanada Mortgage and Housing Corporation.
24514|aThe housing construction industry : |h[electronic resource]|bchallenges & opportunities for the 21st century
2461 |iAdditional title (within publication) : |aL'industrie de la construction résidentielle : les défis et les possibilités du 21e siècle
260 |aOttawa - Ontario : |bCanada Mortgage and Housing Corporation |c2002 (main report), 2003 (Research highlight).
300 |a127p.|bgraphs, tables
4901 |aResearch report
500 |aIncludes: Research highlight (Socio-economic series 03-004, June 2003) under the same title. -- Y compris: Le point en recherche (Série socio-économique 03-004, juin 2003) sous le titre "L'industrie de la construction résidentielle : les défis et les possibilités du 21e siècle".
504 |aBibliography.
546 |a(Comprend du texte en français.)
590 |a11-26-Supp|b2011-11-03
830#0|aResearch report (Canada Mortgage and Housing Corporation : Online)|w(CaOODSP)9.506068
85640|ahttp://publications.gc.ca|qPDF|s6.28 MB|uhttps://publications.gc.ca/collections/collection_2011/schl-cmhc/nh18-1/NH18-1-322-2002-eng.pdf